| 000 | 00689cam a22002411 4500 | ||
|---|---|---|---|
| 001 | ne 64001383 | ||
| 003 | DLC | ||
| 005 | 20260227111800.0 | ||
| 008 | 900807s1963 ua b 000 0 ararc | ||
| 010 | _ane 64001383 | ||
| 025 | _aPL480:UAR-3853 | ||
| 035 | _a(OCoLC)22193141 | ||
| 040 |
_aPrinceton Univ. Libr. _cWaU _dDLC |
||
| 042 | _apremarc | ||
| 050 | 0 | 0 |
_aLC5215 _b.K48 |
| 100 | 1 | _aKhalīl, Fāris. | |
| 245 | 1 | 0 |
_aTathqīf al-kibār _c[taʼlīf] Fāris Khalīl. |
| 250 | _a[al-Ṭabʻah al-ūlá] | ||
| 260 |
_aal-Qāhirah, _bMaktabat al-Qāhirah al-Ḥadīthah _c[1963] |
||
| 300 |
_a138 p. _c20 cm. |
||
| 504 | _aBibliography: p. [129]-132. | ||
| 650 | 0 | _aAdult education. | |
| 999 |
_c47072 _d47072 |
||